Origen y desarrollo del movimiento cristiano por el socialismo. Chile, 1970-1973
Збережено в:
| Автор: | |
|---|---|
| Формат: | Текст |
| Опубліковано: |
París:
Centre Lebret "Foi et Développement"
|
| Теги: |
Додати тег
Немає тегів, Будьте першим, хто поставить тег для цього запису!
|
MARC
| LEADER | 00000 a a2200000 04500 | ||
|---|---|---|---|
| 001 | 17386 | ||
| 003 | |||
| 040 | |a CRAI/IIS |c CRAI/IIS | ||
| 090 | |a 020300 | ||
| 100 | |a Richard, Pablo | ||
| 245 | |a Origen y desarrollo del movimiento cristiano por el socialismo. Chile, 1970-1973 | ||
| 260 | |a París: |b Centre Lebret "Foi et Développement" | ||
| 300 | |a 197 p. | ||
| 999 | |c 2742 |d 2742 | ||
